00653nam a22001217a 4500999001700000008004100017050002200058100002300080245031300103260004400416300003700460942003400497 c25758d25758170201b xxu||||| |||| 00| 0 eng d aND237 .B47K3 1958 aBenton,Thomas Hart aThomas Hart Benton :ba restrospective [sic] exhibition ... presented under the patronage of the Honorable Harry S. Truman and Mrs. Truman of Independence, Missouri , April 12 to May 18, 1958, The University of Kansas Museum of Art, Lawrence, Kansas.cThomas Hart Benton; University of Kansas. Museum of Art. aLawrence, Kan. : bThe Museum, cc1958. avarious paging . :bill. ;c23cm 2lcccBOOKShND237 .B47K3 1958